[Event "GER-chT U16 Girls"]
[Site "Magdeburg"]
[Date "2023.12.29"]
[Round "6.7"]
[White "Achilles, Rosa"]
[Black "Brandt, Hilda"]
[Result "1-0"]
[WhiteElo "1190"]
[BlackElo "836"]
[PlyCount "57"]
[EventDate "2023.12.26"]
[EventType "team-swiss"]
[EventRounds "7"]
[EventCountry "GER"]
[SourceTitle "CB03_2024"]
[SourceDate "2024.01.17"]
[SourceVersion "1"]
[SourceVersionDate "2024.01.17"]
[SourceQuality "1"]
[WhiteTeam "Paderborn Akademie"]
[BlackTeam "Porz SG II"]
[WhiteTeamCountry "GER"]
[BlackTeamCountry "GER"]

1. d4 c5 2. d5 Nf6 3. c4 Qb6 4. Nc3 g6 5. e4 e5 6. Nf3 Bg7 7. Nxe5 Nxe4 8. Nxe4 Bxe5 9. Rb1 0-0 10. Be2 Qc7 11. d6 Qc6 12. Bf3 Qb6 13. 0-0 Nc6 14. a3 Qa6 15. Be2 f5 16. Nxc5 Qb6 17. Qd5+ Kg7 18. Na4 Qb3 19. Qd1 Rf6 20. Qxb3 Nd4 21. Qe3 Re6 22. Qh6+ Kg8 23. Bd3 a6 24. c5 b5 25. Nb6 Rb8 26. Nd5 Nb3 27. Ne7+ Kf7 28. Qxh7+ Kf8 29. Qg8# 1-0

[Event "GER-chT U16 Girls"]
[Site "Magdeburg"]
[Date "2023.12.27"]
[Round "2.9"]
[White "Piffczyk, Claudia"]
[Black "Brandt, Hilda"]
[Result "1-0"]
[WhiteElo "911"]
[BlackElo "836"]
[PlyCount "51"]
[EventDate "2023.12.26"]
[EventType "team-swiss"]
[EventRounds "7"]
[EventCountry "GER"]
[SourceTitle "CB03_2024"]
[SourceDate "2024.01.17"]
[SourceVersion "1"]
[SourceVersionDate "2024.01.17"]
[SourceQuality "1"]
[WhiteTeam "Garching II"]
[BlackTeam "Porz SG II"]
[WhiteTeamCountry "GER"]
[BlackTeamCountry "GER"]

1. e4 c5 2. Nf3 d6 3. Nc3 Nf6 4. d4 cxd4 5. Nxd4 Qa5 6. Bd2 Qe5 7. Nf3 Nxe4 8. Nxe5 dxe5 9. Nxe4 Bf5 10. Bd3 Bxe4 11. Bxe4 g6 12. Bxb7 Bg7 13. Bxa8 0-0 14. Bb4 Na6 15. Qd2 Rxa8 16. Rd1 Nxb4 17. Qxb4 e6 18. 0-0 a5 19. Qe7 a4 20. Rd8+ Rxd8 21. Qxd8+ Bf8 22. c4 e4 23. c5 h5 24. c6 Kg7 25. c7 f6 26. c8Q 1-0